Statistics for Ugliest footballers

Click here to take the quiz!

General Stats

  • This quiz has been taken 190 times
  • The average score is 3 of 10

Answer Stats

HintAnswer% Correct
Thinks he should have the Balon D'Or (lol)Franck Ribery
69%
Has fake hairWayne Rooney
54%
Enjoys golfing holidays in ArgentinaCarlos Tevez
40%
One of the most beautiful to watch, but not to look atRonaldinho
30%
His ugly tackles match his ugly mugPepe
29%
Dutch, blonde, muntedDirk Kuyt
28%
Has awful curly hairCarlos Puyol
27%
That facePhil Jones
17%
Someone took a bite out of his headJoleon Lescott
16%
Yao KouassiGervinho
12%

Score Distribution

Percentile by Number Answered

Percent of People with Each Score

Your Score History

You have not taken this quiz